Structure and properties of fat crystal networks (Record no. 11887)
[ view plain ]
| 000 -LEADER | |
|---|---|
| fixed length control field | 01894nam a2200349Ia 4500 |
| 001 - CONTROL NUMBER | |
| control field | CRC0KE14462PDF |
| 003 - CONTROL NUMBER IDENTIFIER | |
| control field | BD-DhSAU |
| 005 - DATE AND TIME OF LATEST TRANSACTION | |
| control field | 20151012144307.0 |
| 006 - FIXED-LENGTH DATA ELEMENTS--ADDITIONAL MATERIAL CHARACTERISTICS | |
| fixed length control field | m|||||o||d|||||||| |
| 007 - PHYSICAL DESCRIPTION FIXED FIELD--GENERAL INFORMATION | |
| fixed length control field | cr|||| |
| 008 - FIXED-LENGTH DATA ELEMENTS--GENERAL INFORMATION | |
| fixed length control field | 121017s2013 fluad sb 001 0 eng d |
| 020 ## - INTERNATIONAL STANDARD BOOK NUMBER | |
| International Standard Book Number | 9781439887646 (ebook : PDF) |
| 040 ## - CATALOGING SOURCE | |
| Original cataloging agency | BD-DhSAU |
| Transcribing agency | BD-DhSAU |
| 090 ## - LOCALLY ASSIGNED LC-TYPE CALL NUMBER (OCLC); LOCAL CALL NUMBER (OCLC) | |
| Classification number (OCLC) (R) ; Classification number, CALL (RLIN) (NR) | TP453.L56 |
| Local cutter number (OCLC) ; Book number/undivided call number, CALL (RLIN) | M37 2013 |
| 092 ## - LOCALLY ASSIGNED DEWEY CALL NUMBER (OCLC) | |
| Classification number | 664 |
| Item number | M311 |
| 100 1# - MAIN ENTRY--PERSONAL NAME | |
| Personal name | Marangoni, Alejandro G., |
| Dates associated with a name | 1965- |
| 245 10 - TITLE STATEMENT | |
| Title | Structure and properties of fat crystal networks |
| Medium | [electronic resource] / |
| Statement of responsibility, etc. | Alejandro G. Marangoni, Leendert H. Wesdorp. |
| 250 ## - EDITION STATEMENT | |
| Edition statement | 2nd ed. |
| 260 ## - PUBLICATION, DISTRIBUTION, ETC. (IMPRINT) | |
| Place of publication, distribution, etc. | Boca Raton, Fla. : |
| Name of publisher, distributor, etc. | CRC Press, |
| Date of publication, distribution, etc. | 2013. |
| 300 ## - PHYSICAL DESCRIPTION | |
| Extent | 500 p. : |
| Other physical details | ill. |
| 504 ## - BIBLIOGRAPHY, ETC. NOTE | |
| Bibliography, etc | Includes bibliographical references and index. |
| 505 0# - FORMATTED CONTENTS NOTE | |
| Formatted contents note | ch. 1. Crystallography and polymorphism -- ch. 2. Nucleation and crystalline growth kinetics -- ch. 3. Intermolecular forces in triacylglycerol particles and oils / David A. Pink -- ch. 4. Rheology of fats / Alejandro G. Marangoni and Suresh S. Narine -- ch. 5. Viscoelastic properties of fats -- ch. 6. Dynamic rheological studies of fats -- ch. 7. Nanostructure and microstructure of fats / Alejandro G. Marangoni ... [et al.] -- ch. 8. Yield stress and elastic modulus of a fat crystal network -- ch. 9. Liquid-multiple solid phase equilibria in fats / Leendert H. Wesdorp ... [et al.] -- ch. 10. Experimental methodology / Rodrigo Campos. |
| 530 ## - ADDITIONAL PHYSICAL FORM AVAILABLE NOTE | |
| Additional physical form available note | Also available in print edition. |
| 538 ## - SYSTEM DETAILS NOTE | |
| System details note | Mode of access: World Wide Web. |
| 650 #0 - SUBJECT ADDED ENTRY--TOPICAL TERM | |
| Topical term or geographic name as entry element | Lipids |
| General subdivision | Microstructure. |
| 650 #0 - SUBJECT ADDED ENTRY--TOPICAL TERM | |
| Topical term or geographic name as entry element | Crystals |
| General subdivision | Mathematical models. |
| 650 #0 - SUBJECT ADDED ENTRY--TOPICAL TERM | |
| Topical term or geographic name as entry element | Crystallography. |
| 655 #7 - INDEX TERM--GENRE/FORM | |
| Genre/form data or focus term | Electronic books. |
| Source of term | lcsh |
| 700 1# - ADDED ENTRY--PERSONAL NAME | |
| Personal name | Wesdorp, Leendert H. |
| 776 1# - ADDITIONAL PHYSICAL FORM ENTRY | |
| International Standard Book Number | 9781439887622 (hardback) |
| 856 40 - ELECTRONIC LOCATION AND ACCESS | |
| Uniform Resource Identifier | <a href="http://marc.crcnetbase.com/isbn/9781439887646">http://marc.crcnetbase.com/isbn/9781439887646</a> |
| Electronic format type | application/PDF |
No items available.
